70's Rock & Metal - Statistics

General Stats
  • This quiz has been taken 395 times
  • The average score is 15 of 35
Answer Stats
Hint Answer % Correct
You're My Best Friend, Crazy Little Thing Called Love, Killer Queen Queen
78%
Kashmir, Immigrant Song, When the Levee Breaks Led Zeppelin
75%
Desperado, Take it Easy, Hotel California The Eagles
71%
Your Song, Tiny Dancer, Crocodile Rock Elton John
70%
Us and Them, Have a Cigar, Money Pink Floyd
69%
Miss You, Brown Sugar, It's Only Rock & Roll Rolling Stones
68%
The Chain, Rhiannon, Go Your Own Way Fleetwood Mac
61%
Love Her Madly, LA Woman, Riders on the Storm The Doors
61%
I Wanna Be Sedated, Blitzkrieg Bop, Teenage Lobotomy The Ramones
58%
Run Through the Jungle, Have You Ever Seen the Rain, Fortunate Son Creedence Clearwater Revival
56%
The Boys are Back in Town, Jail Break, Cowboy Song Thin Lizzy
53%
NIB, Changes, Sweet Leaf Black Sabbath
51%
Gone Shootin, She's Got Balls, Riff Raff ACDC
49%
Thick as a Brick, Locomotive Breath, Aqualung Jethro Tull
45%
Simple Man, Call Me the Breeze, Saturday Night Special Lynyrd Skynyrd
44%
Working Man, Closer to the Heart, Fly by Night Rush
44%
Soldier of Fortune, Space Truckin, Woman From Tokyo Deep Purple
41%
American Girl, Refugee, Don't Do Me Like That Tom Petty
41%
Jesus Just Left Chicago, Tush, Cheap Sunglasses ZZ Top
41%
Strutter, Christine Sixteen, Cold Gin Kiss
37%
Mama Kin, Train Kept a Rollin, Back in the Saddle Aerosmith
34%
Roll Over Beethoven, Turn to Stone, Evil Woman Electric Light Orchestra
34%
Born to Run, Thunder Road, Badlands Bruce Springsteen
33%
Stargazer, Long Live Rock and Roll,Star Struck Rainbow
31%
Statesboro Blues, Ramblin' Man, Blue Sky Allman Brothers
28%
Ready for Love, Shooting Star, Can't Get Enough Bad Company
27%
Touch of Grey, Friend of the Devil, Casey Jones The Grateful Dead
27%
The Ballad of Dwight Fry, Elected, Eighteen Alice Cooper
26%
Takin Care of Business, You Ain't Seen Nothing Yet, Lookin' Out for #1 Bachman Turner Overdrive
23%
Victim of Changes, Beyond the Realms of Death, The Ripper Judas Priest
22%
Easy Livin', Magician's Birthday, The Wizard Uriah Heep
20%
Katmandu, Beautiful Loser, The Famous Final Scene Bob Seger
19%
Free for All, Dog Eat Dog, Stranglehold Ted Nugent
19%
Bad Motor Scooter, Rock Candy, Rock the Nation Montrose
11%
Squeeze Box, The Real Me, Won't Get Fooled Again The Who
0%
No matching quizzes found
Score Distribution
Percent of People with Each Score
Percentile by Number Answered
Your Score History
You have not taken this quiz